| 000 | 00530nam a22001937a 4500 | ||
|---|---|---|---|
| 003 | OSt | ||
| 005 | 20151215134746.0 | ||
| 008 | 151215b xxu||||| |||| 00| 0 eng d | ||
| 020 | _a0333915674 | ||
| 040 | _cDDC. | ||
| 082 | _a361 GEO2002. | ||
| 100 |
_aGeorge Vic ;Wilding,Paul; _96580 |
||
| 245 | _aGlobalisation and Human Welfare. | ||
| 260 |
_aNew York. _bPalgrave _c2002. |
||
| 300 |
_axvi,231p; _bill; _c23cm |
||
| 504 | _aAppendix,References and Index are included. | ||
| 650 |
_aGlobalisation. _91501 |
||
| 942 |
_2ddc _cSLOAN |
||
| 999 |
_c2868 _d2868 |
||